South African digest. (Record no. 2258)
[ view plain ]
| 000 -LEADER | |
|---|---|
| campo de control de longitud fija | 00835nas a2200229 i 4500 |
| 001 - NÚMERO DE CONTROL | |
| campo de control | 2258 |
| 003 - IDENTIFICADOR DE NÚMERO DE CONTROL | |
| campo de control | ES-MaACL |
| 005 - FECHA Y HORA DE LA ÚLTIMA TRANSACCIÓN | |
| campo de control | 20250217134603.0 |
| 007 - CAMPO FIJO DE DESCRIPCIÓN FÍSICA--INFORMACIÓN GENERAL | |
| campo de control de longitud fija | t| |
| 008 - DATOS DE LONGITUD FIJA--INFORMACIÓN GENERAL | |
| campo de control de longitud fija | 950801d19621988sa w| | 1 ||ng d |
| 080 ## - NÚMERO DE LA CLASIFICACIÓN DECIMAL UNIVERSAL | |
| Número de la Clasificación Decimal Universal | 908(680) |
| 245 00 - MENCIÓN DEL TÍTULO | |
| Título | South African digest. |
| 260 ## - PUBLICACIÓN, DISTRIBUCIÓN, ETC. | |
| Lugar de publicación, distribución, etc. | Pretoria : |
| Nombre del editor, distribuidor, etc. | Department of Information, |
| Fecha de publicación, distribución, etc. | 1962-1988 ( |
| Fabricante | Dagbreek) |
| 300 ## - DESCRIPCIÓN FÍSICA | |
| Extensión | 11 v. : |
| Otras características físicas | grab. ; |
| Dimensiones | 26 cm. |
| 310 ## - PERIODICIDAD ACTUAL | |
| Periodicidad actual | Semanal |
| 362 0# - FECHAS DE PUBLICACIÓN Y/O DESIGNACIÓN SECUENCIAL | |
| Fecha de publicación y/o designación secuencial | N. 22 (oct. 1962)- (1988) |
| 650 14 - PUNTO DE ACCESO ADICIONAL DE MATERIA--TÉRMINO DE MATERIA | |
| Término de materia o nombre geográfico como elemento de entrada | Revistas de información general. |
| 9 (RLIN) | 16896 |
| 780 00 - ENLACE A UN TÍTULO/ENTRADA ANTERIOR | |
| Título | Fortnightley digest of South African affairs |
| 852 ## - LOCALIZACIÓN | |
| Ubicación | ES-MaACL |
| Número de control de estantería | HEM-H-255 |
| Encuadernación | hem-1421 |
| Signatura antigua | |
| 866 #0 - MENCIÓN TEXTUAL DE FONDOS--UNIDAD BIBLIOGRÁFICA BÁSICA | |
| Fondos | (1962)(1963f.n.3y6y19)1964(1965f.n.29-32y41-42)(1966f.n.11y13-14)(1967f.n.6y11y19-20y24y34y36y47y51)(1968f.n.1y8y27)(1969f.n.2-3jul.y 1ago.)(1970f.n.4sep.y 3oct.y dic.)(1971-74). |
| Estatus retirado | Estado de pérdida | Estado de daño | No para préstamo | Colección | Biblioteca de origen | Biblioteca actual | Ubicación en estantería | Fecha de adquisición | Fuente de adquisición | Total de préstamos | Signatura topográfica completa | Código de barras | Visto por última vez | Precio de reemplazo | Tipo de ítem Koha |
|---|---|---|---|---|---|---|---|---|---|---|---|---|---|---|---|
| Periódicos y Revistas | Biblioteca del Ateneo de Madrid | Biblioteca del Ateneo de Madrid | Hemeroteca | 17/01/2008 | HEM-H-255 | 1002298 | 23/02/2023 | 23/02/2023 | Revista |
